Infrastructure at the crossroads : lessons from 20 years of World Bank experience. (Record no. 31129)

MARC details
000 -LEADER
fixed length control field 00576nam a2200169Ia 4500
020 ## - INTERNATIONAL STANDARD BOOK NUMBER
ISBN 9780821366868
050 ## - CALL MARK
Classification number HC 59.72.C3 .I54/
245 #0 - TITLE STATEMENT
Title Infrastructure at the crossroads : lessons from 20 years of World Bank experience.
260 ## - PUBLICATION, DISTRIBUTION, ETC. (IMPRINT)
Place of publication Washington, D.C.
260 ## - PUBLICATION, DISTRIBUTION, ETC. (IMPRINT)
Name of publisher World Bank
260 ## - PUBLICATION, DISTRIBUTION, ETC. (IMPRINT)
Year of publication 2006
300 ## - PHYSICAL DESCRIPTION
Number of Pages 141 p
650 ## - SUBJECT ADDED ENTRY--TOPICAL TERM
Topical Term World Bank--Developing countries. Infrastructure (Economics)--Developing countries. Economic development projects--Developing countries.
942 ## - ADDED ENTRY ELEMENTS (KOHA)
Koha item type Books
Holdings
Withdrawn status Lost status Source of classification or shelving scheme Damaged status Not for loan Permanent Location Current Location Date acquired Accession Number Price effective from Koha item type
    Library of Congress Classification     NILE UNIVERSITY OF NIGERIA - MAIN LIBRARY NILE UNIVERSITY OF NIGERIA - MAIN LIBRARY 04/23/2025 0194514 04/23/2025 Books